000 00967cam a2200289 i 4500
001 17210
003 BD-RjUL
005 20211209000115.0
008 140216s1979 ilua b 001 0 eng
035 _a(BD-RjUL)17267
040 _aDLC
_cDLC
_dDLC
_beng
041 _aeng
082 0 0 _a630.681
_219
_bBAF 1979
100 1 _aBarry, Peter J.
_953069
245 1 0 _aFinancial management in agriculture /
_cPeter J. Barry, John A. Hopkin, C. B. Baker.
250 _a2d ed.
260 _aDanville, Ill. :
_bInterstate Printers & Publishers,
_cc1979.
300 _a529 p. :
_bill. ;
_c24 cm.
500 _aIn the earlier ed. John A. Hopkin's name appeared first on the t.p.
504 _aIncludes bibliographies and indexes.
650 0 _aAgricultural credit.
_953070
700 1 _aHopkin, John A.,
_ejoint author.
_953071
700 1 _aBaker, C. B.
_q(Chester Bird),
_ejoint author.
_953072
942 _2ddc
_cBK
999 _c17210
_d17210